| 000 | 00806cab a2200265 4500 | ||
|---|---|---|---|
| 001 | WB3415-28 | ||
| 008 | 090401t1998 xxu||||| |||| 00| 0 eng d | ||
| 035 | _a(Sirsi) u85585 | ||
| 041 | _aeng | ||
| 245 | _aRising rents | ||
| 260 | _c1998 | ||
| 350 | _a0 | ||
| 490 |
_aIndependent _v11 April 1998, 27(2) |
||
| 520 | _aThe increase in house prices has led to a shortage of good quality rented accommodation and rapidly rising rents, as more landlords sell their properties. Table of average monthly rents across the UK. | ||
| 650 | _aHOUSE PRICES | ||
| 650 | _aHOUSING MARKET | ||
| 650 | _aLETTING AGENTS | ||
| 650 | _aPRIVATE RENTED SECTOR | ||
| 650 | _aRENTAL LEVELS | ||
| 650 | _aRESIDENTIAL RENTS | ||
| 650 | _aRICS SURVEY | ||
| 690 | _aHOUSING | ||
| 942 | _n0 | ||
| 948 | _c15/04/1998 | ||
| 999 |
_c53816 _d53816 |
||